Populistische Rhetorik der Freiheitlichen Partei Österreichs diplomová práca

Na minha lista:
Detalhes bibliográficos
Autor principal: Vlčáková, Paulina
Autor Corporativo: Fakulta aplikovaných jazykov EU v Bratislave. Katedra interkultúrnej komunikácie
Outros Autores: Štefančík, Radoslav, 1976-
Formato: Livro
Idioma:alemão
Publicado em: Bratislava 2025
Tags: Adicionar Tag
Sem tags, seja o primeiro a adicionar uma tag!

MARC

LEADER 00000nbm a2200000 4500
001 0308978
005 20260211121013.7
041 0 |a ger 
044 |a SK 
245 1 0 |a Populistische Rhetorik der Freiheitlichen Partei Österreichs  |b diplomová práca  |c Paulina Vlčáková ; školiteľ: Radoslav Štefančík 
264 1 |a Bratislava  |c 2025 
300 |a 79 s. 
100 1 |a Vlčáková, Paulina 
700 1 |a Štefančík, Radoslav, 1976- 
710 2 |a Fakulta aplikovaných jazykov EU v Bratislave. Katedra interkultúrnej komunikácie